PEMBANCUH KOPI MR. Vampire / (Record no. 129589)

MARC details
000 -LEADER
fixed length control field 00802nam a2200253 i 4500
001 - CONTROL NUMBER
control field C2-0330796
003 - CONTROL NUMBER IDENTIFIER
control field PPAK
005 - DATE AND TIME OF LATEST TRANSACTION
control field 20250402120511.0
008 - FIXED-LENGTH DATA ELEMENTS--GENERAL INFORMATION
fixed length control field 150513s2015 my e | 0 f may d
020 ## - INTERNATIONAL STANDARD BOOK NUMBER
International Standard Book Number 9789670448947
Qualifying information paperback
040 ## - CATALOGING SOURCE
Original cataloging agency PPAK
Language of cataloging eng
Transcribing agency PPAK
Description conventions rda
082 04 - DEWEY DECIMAL CLASSIFICATION NUMBER
Edition number 23
Classification number 899.2333
090 00 - LOCALLY ASSIGNED LC-TYPE CALL NUMBER (OCLC); LOCAL CALL NUMBER (RLIN)
Classification number (OCLC) (R) ; Classification number, CALL (RLIN) (NR) 899.2333
Feature heading AII
Feature heading G
100 0# - MAIN ENTRY--PERSONAL NAME
Personal name Aii Fariza,
Relator term author.
245 10 - TITLE STATEMENT
Title PEMBANCUH KOPI MR. Vampire /
Statement of responsibility, etc. aii fariza ; Editor : Jabatan Editorial Kaki Novel
264 #1 - PRODUCTION, PUBLICATION, DISTRIBUTION, MANUFACTURE, AND COPYRIGHT NOTICE
Place of production, publication, distribution, manufacture Kuala Lumpur :
Name of producer, publisher, distributor, manufacturer Penerbitan Kaki Novel Sdn. Bhd.,
Date of production, publication, distribution, manufacture, or copyright notice 2015
300 ## - PHYSICAL DESCRIPTION
Extent iii, 700 pages ;
Dimensions 18 cm
336 ## - CONTENT TYPE
Source rdacontent
Content type term text
337 ## - MEDIA TYPE
Source rdamedia
Media type term unmediated
338 ## - CARRIER TYPE
Source rdacarrier
Carrier type term volume
650 10 - SUBJECT ADDED ENTRY--TOPICAL TERM
Topical term or geographic name entry element Malay fiction.
710 2# - ADDED ENTRY--CORPORATE NAME
Corporate name or jurisdiction name as entry element Jabatan Editorial Kaki Novel,
Relator term editor.
942 ## - ADDED ENTRY ELEMENTS (KOHA)
Koha item type Book
Source of classification or shelving scheme Dewey Decimal Classification
Holdings
Withdrawn Not for loan Current library Shelving location Date acquired Total Checkouts Full call number Barcode Date last seen Koha item type Total Renewals Date last checked out
    Perpustakaan Alor Setar Pinjaman Dewasa 06/04/2025 4 899.2333 AII A00748664 07/04/2026 Book 1 12/02/2026
    PD35, Kg. Sungai Daun, Yan Pinjaman Dewasa 23/08/2015   899.233 AII A01464433 09/05/2018 Book    
    PD36, Kg. Kuala Lanjut, Kota Star Pinjaman Dewasa 23/08/2015   899.233 AII A01464434 09/05/2018 Book    
    PD37, Kg. Belat, Pendang Pinjaman Dewasa 23/08/2015   899.233 AII A01464435 09/05/2018 Book    
    PD38, KEDA Tanjung Setol, Pendang Pinjaman Dewasa 23/08/2015   899.233 AII A01464436 09/05/2018 Book    
    PD39, Felda Bukit Tembaga, Kuala Nerang Pinjaman Dewasa 23/08/2015   899.233 AII A01464438 09/05/2018 Book